M.Y. ghorpade : (Record no. 143266)

MARC details
000 -LEADER
fixed length control field 00591nam a22001937a 4500
005 - DATE AND TIME OF LATEST TRANSACTION
control field 20170818164836.0
010 ## - LCCN (DPL NO)
LC control number ENG-119671
020 ## - INTERNATIONAL STANDARD BOOK NUMBER
International Standard Book Number 9788179663561
Terms of availability 160.00
035 ## - SYSTEM CONTROL NUMBER
System control number EN-103203
037 ## - SOURCE OF ACQUISITION
Source of stock number/acquisition DBAD/PUB
082 ## - DEWEY DECIMAL CLASSIFICATION NUMBER
Classification number 880.92
100 ## - MAIN ENTRY--PERSONAL NAME
Personal name Akkamadevi P.
245 ## - TITLE STATEMENT
Title M.Y. ghorpade :
Statement of responsibility, etc by Akkamadevi P.
Remainder of title a study /
260 ## - PUBLICATION, DISTRIBUTION, ETC. (IMPRINT)
Place of publication, distribution, etc Chennai
Name of publisher, distributor, etc Emerald Publishers
Date of publication, distribution, etc 2017
270 ## - ADDRESS
Address 15A, First Floor, Casa Major Road Egmore,
City Chennai
Postal code 600008
300 ## - PHYSICAL DESCRIPTION
Extent 175p.;
Other physical details ill.
Dimensions 22cm(pbk)
500 ## - GENERAL NOTE
General note Includes bibliographical references
942 ## - ADDED ENTRY ELEMENTS (KOHA)
Source of classification or shelving scheme Dewey Decimal Classification
Item type English Books
Classification part 880.92
Call number suffix AKK
Holdings
Withdrawn status Lost status Not for loan Collection code Home library Current library Date acquired Source of acquisition Cost, normal purchase price Full call number Barcode Copy number Cost, replacement price Koha item type
      Non-fiction Central Jail Tihar Central Jail Tihar 11/08/2017 DBAD/PUB 160.00 880.92 AKK EN-103203 1 160.00 English Books

© Delhi Public Library
Hit Counter
free hit counter